000 01451nab a22002657a 4500
999 _c5668
_d5668
003 OSt
005 20251226215835.0
008 190603e xxum|||| |||| 00| 0 spa d
040 _cPJ
100 _93788
_aLovece, Graciela
245 1 3 _aEl error de diagnóstico, la concausa y la responsabilidad profesional /
_cGraciela Lovece.
260 _cCiudad Autónoma de Buenos Aires :
_aThomson Reuters La Ley,
_b2025.
300 _ap. 242-248
500 _aCita: TR LALEY AR/DOC/51/2025 Publicado en: RCCyC 2025 (junio).
505 _aSumario: I. Introducción.— II. Los hechos del caso.— III. Las etapas diagnósticas y el error.— IV. La responsabilidad profesional e institucional.— V. Las dificultades probatorias.— VI. La duración del proceso y el criterio de razonabilidad judicial.
505 _aFallo comentado: CNCiv., sala J ~ 02/09/2024 ~ C. de B., A. M. y otros c. A., L. G. y otros s/ daños y perjuicios - resp. prof. médicos y aux.
505 _t¿Te interesa el texto completo? Solicitalo al correo: koha@justierradelfuego.gov.ar
650 0 _91497
_aCODIGO CIVIL Y COMERCIAL
650 0 _91467
_aRESPONSABILIDAD CIVIL
650 0 _92823
_aDAÑOS Y PERJUICIOS
650 0 _93713
_aRESPONSABILIDAD MÉDICA
650 0 _93481
_aDIAGNÓSTICO MÉDICO
773 0 _02713
_93170
_dCiudad Autónoma de Buenos Aires : Thomson Reuters La Ley, 2015-
_tRevista Código Civil y Comercial. Nº 3 - Junio 2025
942 _2udc
_cANA